Provincias de España por población - Estadísticas

Estadísticas generales
  • Esta prueba ha sido intentada 4.960 veces
    4.758 desde el último reinicio
  • La puntuación promedio es 21 de 50
Estadísticas de respuestas
Población Pista Respuesta % Correcto
6.871.903 M Madrid
100%
5.797.356 B Barcelona
99%
2.656.841 V València
99%
1.959.394 S Sevilla
97%
1.752.728 M Málaga
82%
1.955.268 A Alacant
80%
1.551.692 M Murcia
73%
979.365 Z Zaragoza
65%
1.254.866 C Cádiz
58%
848.592 T Tarragona
54%
1.209.906 I Illes Balears
48%
89.528 S Soria
48%
135.046 T Teruel
48%
534.084 H Huelva
47%
226.878 H Huesca
47%
620.637 J Jaén
46%
166.927 Z Zamora
46%
934.072 G Granada
45%
808.672 G Girona
44%
157.787 P Palencia
44%
304.563 O Ourense
39%
155.332 S Segovia
37%
324.267 L Lugo
36%
946.710 P Pontevedra
35%
753.364 A Almería
33%
159.764 A Ávila
33%
775.002 C Córdoba
33%
1.145.843 L Las Palmas
33%
672.155 N Navarra
33%
731.112 T Toledo
33%
1.006.060 A Asturias
32%
521.333 V Valladolid
32%
1.123.884 A A Coruña
31%
666.049 B Badajoz
28%
447.343 L Lleida
28%
198.436 C Cuenca
27%
327.089 S Salamanca
26%
1.153.282 B Bizkaia
25%
275.082 G Guadalajara
25%
448.573 L León
25%
1.067.173 S Santa Cruz de Tenerife
25%
357.370 B Burgos
24%
388.257 C Cáceres
24%
604.086 C Castelló
24%
726.712 G Gipuzkoa
24%
387.529 A Albacete
20%
336.308 A Araba
20%
588.387 C Cantabria
20%
322.282 L La Rioja
20%
491.927 C Ciudad Real
17%
No se encontraron pruebas coincidentes
Distribución de puntuación
Porcentaje de gente con cada puntuación
Porcentaje por número respondido
Historial de tus puntuaciones
No has intentado esta prueba desde el último reinicio